000 00775nam a22002537a 4500
999 _c308199
_d308199
001 21989
003 UA-OsUOA
005 20200205180557.0
007 ta
008 20031216b un ||||| |||| 00| 0 ukr d
020 _a9665042033
040 _aUA-OsUOA
_bukr
_cUA-OsUOA
_dUA-OsUOA
041 _aukr
044 _aUA
080 _a008(091)(477)"654"
090 _a008(091)(477)"654"
_bЖ87
100 _aЖулинський М.
245 _aЗаявити про себе культурою: тези трибунні, позатрибунні, а також роздуми й сповіді за парадною завісою
260 _aК.
_bГенеза
_c2001
300 _a650 с.
_bІлюстрації
650 7 _2UDC
942 _cBK
_2udc
955 _a0